Countries with most Military Helicopters (2015 data) - Statistics

General Stats
  • This quiz has been taken 412 times
  • The average score is 15 of 20
Answer Stats
Amount Country % Correct
908 China
99%
1120 Russia
99%
6196 United States
99%
402 United Kingdom
98%
601 France
95%
355 Germany
93%
584 India
92%
741 Japan
89%
668 South Korea
84%
355 Italy
83%
260 Brazil
79%
313 Pakistan
79%
443 Turkey
75%
245 Egypt
72%
255 Poland
70%
299 Taiwan
55%
244 Thailand
54%
224 Greece
51%
210 Algeria
37%
252 Colombia
37%
No matching quizzes found
Score Distribution
Percent of People with Each Score
Percentile by Number Answered
Your Score History
You have not taken this quiz